000 00534nam a2200169Ia 4500
008 090711s9999 xx 000 0 und d
082 _b3418
100 _aकाणेकर अनंत
245 _aधूर व इतर एकांकिका
260 _c1977
300 _a137+2
600 _aकाणेकर अनंत
630 _aधूर व इतर एकांकिका
700 _aकाणेकर अनंत
730 _aधूर व इतर एकांकिका
942 _cBOOK
999 _c301021
_d301021